MARC details
| 000 -CABECERA |
| campo de control de longitud fija |
00995nam a2200241 a 4500 |
| 001 - NÚMERO DE CONTROL |
| campo de control |
000022068 |
| 003 - IDENTIFICADOR DEL NÚMERO DE CONTROL |
| campo de control |
DO-SdBNP |
| 005 - FECHA Y HORA DE LA ÚLTIMA TRANSACCIÓN |
| campo de control |
20240418134113.0 |
| 008 - DATOS DE LONGITUD FIJA--INFORMACIÓN GENERAL |
| campo de control de longitud fija |
100916s1995 dr a 001 0 spa d |
| 040 ## - FUENTE DE LA CATALOGACIÓN |
| Centro catalogador/agencia de origen |
DO-SdBNP |
| Lengua de catalogación |
spa |
| Centro/agencia transcriptor |
BNPHU |
| 082 ## - NÚMERO DE LA CLASIFICACIÓN DECIMAL DEWEY |
| Número de clasificación |
323.34 |
| Número de documento/Ítem |
S471t |
| 111 2# - ENTRADA PRINCIPAL--NOMBRE DE CONGRESO/REUNIÓN |
| Nombre de congreso/reunión o jurisdicción como elemento de entrada |
Seminario taller sobre la dignidad y misión de la mujer |
| Fecha del congreso/reunión |
(1994 jun.-jul. 27-4 : |
| Sede del congreso/Lugar de la reunión |
Santo Domingo, República Dominicana) |
| 9 (RLIN) |
45718 |
| 245 10 - MENCIÓN DE TÍTULO |
| Título |
Seminario taller. |
| 260 ## - PUBLICACIÓN, DISTRIBUCIÓN, ETC. |
| Lugar de publicación, distribución, etc. |
Santo Domingo : |
| Nombre del editor, distribuidor, etc. |
CONDOR, |
| Fecha de publicación, distribución, etc. |
1995. |
| Fabricante |
Amigo del Hogar |
| 300 ## - DESCRIPCIÓN FÍSICA |
| Extensión |
66 p. : |
| Otras características físicas |
il. ; |
| Dimensiones |
22 cm. |
| 590 ## - NOTA LOCAL (RLIN) |
| Nota local |
Inventariado, 2018/BT |
| 650 #4 - PUNTO DE ACCESO ADICIONAL DE MATERIA--TÉRMINO DE MATERIA |
| Término de materia o nombre geográfico como elemento de entrada |
Derechos de la mujer |
| Subdivisión general |
Congresos, conferencias, etc. |
| 9 (RLIN) |
45719 |
| 650 #4 - PUNTO DE ACCESO ADICIONAL DE MATERIA--TÉRMINO DE MATERIA |
| Término de materia o nombre geográfico como elemento de entrada |
Mujeres |
| Subdivisión general |
Situación legal |
| Subdivisión geográfica |
Caribe (Región} |
| Subdivisión general |
Congresos, conferencias, etc. |
| 9 (RLIN) |
45720 |
| 650 #4 - PUNTO DE ACCESO ADICIONAL DE MATERIA--TÉRMINO DE MATERIA |
| Término de materia o nombre geográfico como elemento de entrada |
Mujeres |
| Subdivisión general |
Cuestiones sociales y morales |
| Subdivisión geográfica |
Caribe (Región} |
| Subdivisión general |
Congresos, conferencias, etc. |
| 9 (RLIN) |
45721 |
| 710 2# - PUNTO DE ACCESO ADICIONAL--NOMBRE DE ENTIDAD CORPORATIVA |
| Nombre de entidad corporativa o nombre de jurisdicción como elemento de entrada |
Conferencia Dominicana de Religiosos (CONDOR) |
| 9 (RLIN) |
45722 |
| 910 ## - DATOS DE OPCIÓN DEL USUARIO (OCLC) |
| Datos de opción del usuario |
Validado. Control de calidad. EMS |
| 942 ## - ELEMENTOS DE PUNTO DE ACCESO ADICIONAL (KOHA) |
| Fuente del sistema de clasificación o colocación |
Dewey Decimal Classification |
| Tipo de ítem Koha |
Libro |